Normal view
MARC view
- Sharma D (2K6417)
Entry Personal Name
001 - CONTROL NUMBER
- control field: 101892
003 - CONTROL NUMBER IDENTIFIER
- control field: OSt
005 - DATE AND TIME OF LATEST TRANSACTION
- control field: 20221007215901.0
008 - FIXED-LENGTH DATA ELEMENTS
- fixed length control field: 221007|| aca||aabn | a|a d
040 ## - CATALOGING SOURCE
- Original cataloging agency: OSt
- Transcribing agency: OSt
100 ## - HEADING--PERSONAL NAME
- Personal name: Sharma D (2K6417)
670 ## - SOURCE DATA FOUND
- Source citation: Work cat.: (OSt)69047: Sharma D (2K6417), A Field Work Report on HRM Dept of Serum Institute of India., 2006